LEADER 02274oam 2200613 450 001 9910711853103321 005 20200608142200.0 035 $a(CKB)5470000002487551 035 $a(OCoLC)1015669757 035 $a(EXLCZ)995470000002487551 100 $a20110413d1970 ua 0 101 0 $aeng 135 $aurcn||||||||| 181 $ctxt$2rdacontent 182 $cc$2rdamedia 183 $acr$2rdacarrier 200 10$aMortality from selected causes by marital status, United States /$fA. Joan Klebba 210 1$aRockville, Md. :$cU.S. Department of Health, Education, and Welfare, Public Health Service, Health Services and Mental Health Administration,$d1970. 215 $a1 online resources (2 volumes) $cillustrations 225 1 $aVital and health statistics. Series 20, Data from the national vital statistics system ;$vnumber 8 a 225 1 $aVital and health statistics. Series 20, Data from the national vital statistics system ;$vnumber 8 b 225 1 $aPublic Health Service publication ;$vno. 1000-series 20-no. 8 300 $a"December 1970." 320 $aIncludes bibliographical references. 327 $aPart. A. For white women and men. -- pt. B. For women and men of other races. 606 $aMortality$zUnited States$vStatistics 606 $aMarital status$zUnited States$vStatistics 606 $aMortality and race$zUnited States$vStatistics 606 $aMarital status$2fast 606 $aMortality$2fast 607 $aUnited States$vStatistics, Vital 607 $aUnited States$2fast 608 $aStatistics.$2fast 608 $aVital statistics.$2fast 608 $aVital statistics.$2lcgft 608 $aStatistics.$2lcgft 615 0$aMortality 615 0$aMarital status 615 0$aMortality and race 615 7$aMarital status. 615 7$aMortality. 700 $aKlebba$b A. Joan$01390498 712 02$aUnited States.$bHealth Services and Mental Health Administration, 801 0$bSXT 801 1$bSXT 801 2$bOCLCO 801 2$bOCLCF 801 2$bOCLCQ 801 2$bOCLCO 801 2$bGPO 906 $aBOOK 912 $a9910711853103321 996 $aMortality from selected causes by marital status, United States$93497846 997 $aUNINA LEADER 01298nam0 22003013i 450 001 VAN0118972 005 20230615022434.675 017 70$2N$a978-3-319-30169-3 100 $a20181217d2016 |0itac50 ba 101 $aeng 102 $aCH 105 $a|||| ||||| 200 1 $aAdvances and Applications in Nonlinear Control Systems$fedited by Sundarapandian Vaidyanathan, Christos Volos 210 $aCham$cSpringer$d2016 215 $ax, 669 p.$d24 cm 410 1$1001VAN0107665$12001 $aStudies in Computational Intelligence$1210 $aCham$cSpringer$d2005-$v635 620 $aCH$dCham$3VANL001889 702 1$aVaidyanathan$bSundarapandian$3VANV083803 702 1$aVolos$bChristos$3VANV091389 712 $aSpringer $3VANV108073$4650 801 $aIT$bSOL$c20240614$gRICA 856 4 $uhttps://link.springer.com/book/10.1007/978-3-319-30169-3$zE-book ? Accesso al full-text attraverso riconoscimento IP di Ateneo, proxy e/o Shibboleth 899 $aBIBLIOTECA CENTRO DI SERVIZIO SBA$2VAN15 912 $fN 912 $aVAN0118972 950 $aBIBLIOTECA CENTRO DI SERVIZIO SBA$d15CONS SBA EBOOK 2762 $e15EB 2762 20181217 996 $aAdvances and Applications in Nonlinear Control Systems$91541493 997 $aUNICAMPANIA